Bharatiya ganita mattu kagola vijnana (Record no. 119801)
[ view plain ]
| 000 -LEADER | |
|---|---|
| fixed length control field | 00806nam a2200265Ia 4500 |
| 003 - CONTROL NUMBER IDENTIFIER | |
| control field | OSt |
| 005 - DATE AND TIME OF LATEST TRANSACTION | |
| control field | 20240813160852.0 |
| 008 - FIXED-LENGTH DATA ELEMENTS--GENERAL INFORMATION | |
| fixed length control field | 210210b2015 xxu||||| |||| 00| 0 eng d |
| 020 ## - INTERNATIONAL STANDARD BOOK NUMBER | |
| International Standard Book Number | 818467631X |
| 040 ## - CATALOGING SOURCE | |
| Transcribing agency | AL |
| 041 ## - LANGUAGE CODE | |
| Language code of text/sound track or separate title | Kannada |
| 082 ## - DEWEY DECIMAL CLASSIFICATION NUMBER | |
| Classification number | 510.1K BALB |
| 100 ## - MAIN ENTRY--PERSONAL NAME | |
| Personal name | BALACHANDRA RAV (S) |
| Dates associated with a name | ಬಾಲಚಂದ್ರ ರಾವ್ (ಎಸ್) |
| 9 (RLIN) | 177139 |
| 245 ## - TITLE STATEMENT | |
| Title | Bharatiya ganita mattu kagola vijnana |
| Remainder of title | ಭಾರತೀಯ ಗಣಿತ ಮತ್ತು ಖಗೋಳ ವಿಜ್ಞಾನ |
| 260 ## - PUBLICATION, DISTRIBUTION, ETC. | |
| Place of publication, distribution, etc. | Bengaluru |
| Name of publisher, distributor, etc. | Navakaranataka Prakashana |
| Date of publication, distribution, etc. | 2015 |
| 300 ## - PHYSICAL DESCRIPTION | |
| Extent | 152 |
| 650 ## - SUBJECT ADDED ENTRY--TOPICAL TERM | |
| Topical term or geographic name entry element | vijnana |
| 9 (RLIN) | 177140 |
| 650 ## - SUBJECT ADDED ENTRY--TOPICAL TERM | |
| Topical term or geographic name entry element | mattu |
| 9 (RLIN) | 177141 |
| 650 ## - SUBJECT ADDED ENTRY--TOPICAL TERM | |
| Topical term or geographic name entry element | kagola |
| 9 (RLIN) | 177142 |
| 650 ## - SUBJECT ADDED ENTRY--TOPICAL TERM | |
| Topical term or geographic name entry element | ganita |
| 9 (RLIN) | 177143 |
| 650 ## - SUBJECT ADDED ENTRY--TOPICAL TERM | |
| Topical term or geographic name entry element | Bharatiya |
| 9 (RLIN) | 177144 |
| 690 ## - LOCAL SUBJECT ADDED ENTRY--TOPICAL TERM (OCLC, RLIN) | |
| Topical term or geographic name as entry element | Mathematics |
| 9 (RLIN) | 177145 |
| 906 ## - LOCAL DATA ELEMENT F, LDF (RLIN) | |
| a | 070246 |
| 942 ## - ADDED ENTRY ELEMENTS (KOHA) | |
| Source of classification or shelving scheme | Dewey Decimal Classification |
| Koha item type | Book |
| Withdrawn status | Lost status | Damaged status | Not for loan | Collection code | Home library | Current library | Shelving location | Date acquired | Source of acquisition | Cost, normal purchase price | Total Checkouts | Full call number | Barcode | Date last seen | Price effective from | Koha item type |
|---|---|---|---|---|---|---|---|---|---|---|---|---|---|---|---|---|
| St Aloysius Library | St Aloysius Library | 02/17/2021 | Navakarnataka Publication Pvt Ltd Mangalore | 120.00 | 510.1K BALB | 070246 | 02/17/2021 | 02/17/2021 | Book |